Ground movement. (Record no. 60594)

MARC details
000 -LEADER
fixed length control field 00661cam a2200181 4500
001 - CONTROL NUMBER
control field ABS60921
008 - FIXED-LENGTH DATA ELEMENTS--GENERAL INFORMATION
fixed length control field 000000n1999 000 0 eng u
035 ## - SYSTEM CONTROL NUMBER
System control number (Sirsi) u101461
100 ## - MAIN ENTRY--PERSONAL NAME
Personal name Chapman, T
245 ## - TITLE STATEMENT
Title Ground movement.
260 ## - PUBLICATION, DISTRIBUTION, ETC.
Date of publication, distribution, etc. 1999
490 ## - SERIES STATEMENT
Series statement Architects' Journal
Volume/sequential designation 210(2) 8 July 1999, 34-35(2)
520 ## - SUMMARY, ETC.
Summary, etc. Discusses how ground movements can affect new buildings. Looks at the two types of movement: ground instability and changing ground stress and advises on how to allow for such movements in new structures.
650 ## - SUBJECT ADDED ENTRY--TOPICAL TERM
Topical term or geographic name entry element GROUND MOVEMENT
650 ## - SUBJECT ADDED ENTRY--TOPICAL TERM
Topical term or geographic name entry element INSTABILITY
690 ## - LOCAL SUBJECT ADDED ENTRY--TOPICAL TERM (OCLC, RLIN)
Topical term or geographic name as entry element BUILT ENVIRONMENT-BUILDING INSPECTION
942 ## - ADDED ENTRY ELEMENTS (KOHA)
Suppress in OPAC 0
Holdings
Withdrawn status Lost status Source of classification or shelving scheme Damaged status Not for loan Home library Current library Shelving location Date acquired Total Checkouts Full call number Barcode Date last seen Copy number Price effective from Koha item type
    Dewey Decimal Classification     London London Journal article 04/11/1999   ABS60921 101461-1001 06/08/2019 1 06/08/2019 Journal article